| 000 | 00697nam a2200253 4500 | ||
|---|---|---|---|
| 001 | 13634 | ||
| 003 | ES-MaACL | ||
| 005 | 20230906150628.0 | ||
| 007 | t| | ||
| 008 | 000000s1980 sp ||||0| spa d | ||
| 016 | 7 | _z05534242 | |
| 020 |
_a84-264-1953-X : _c325 pts |
||
| 040 |
_aIBH _bspa _cM-BN-DP |
||
| 080 | _a860-31"19" | ||
| 100 | 1 |
_aTusquets, Esther. _9111774 |
|
| 245 | 1 | 3 |
_aEl amor es un juego solitario / _c[por] Esther Tusquets. |
| 250 | _a4ยช ed. | ||
| 260 |
_aBarcelona : _bLumen, _c1980. |
||
| 300 |
_a150 p. ; _c19 cm. |
||
| 490 | 1 |
_aPalabra menor ; _v53 |
|
| 830 | 0 |
_aPalabra menor ; _v53 _9179513 |
|
| 852 |
_aES-MaACL _jL-20966 _bR.122895 |
||
| 999 |
_c13634 _d13634 |
||